| Tag |
First Indicator |
Second Indicator |
Subfields |
| LEADER |
00000cam a2200000 a 4500 |
| 001 |
in00000005267 |
| 007 |
he bmb024baca |
| 008 |
990805s1999 dcu bb f000 0 eng d |
| 005 |
20230331144149.9 |
| 035 |
|
|
|a (OCoLC)ocm42019421
|
| 035 |
|
|
|9 AJJ1769AM
|
| 035 |
|
|
|a in00000005267
|
| 037 |
|
|
|a 162092
|b GAO (202) 512-6000 (Voice); (202) 512-6061 (Fax)
|f paper copy
|
| 040 |
|
|
|a SEN
|c SEN
|d GPO
|d DLC
|d MvI
|d UtOrBLW
|
| 043 |
|
|
|a n-us---
|
| 049 |
|
|
|a UMIC
|
| 049 |
|
|
|a WWW
|
| 074 |
|
|
|a 0546-D-01 (MF)
|
| 074 |
|
|
|a 0546-D-01 (online)
|
| 086 |
0 |
|
|a GA 1.5/2:T-NSIAD-99-117
|
| 100 |
1 |
|
|a Li, Allen.
|
| 245 |
1 |
0 |
|a Space station :
|b status of Russian involvement and cost control efforts : statement of Allen Li, Associate Director, National Security and International Affairs Division, before the Subcommittee on Science, Technology, and Space, Committee on Commerce, Science, and Transportation, U.S. Senate /
|c United States General Accounting Office.
|
| 246 |
3 |
0 |
|a Status of Russian involvement and cost control efforts
|
| 264 |
|
1 |
|a Washington, D.C. (P.O. Box 37050, Washington, D.C. (20013) :
|b The Office,
|c [1999]
|
| 300 |
|
|
|a 10 pages ;
|c 28 cm.
|
| 336 |
|
|
|a text
|b txt
|2 rdacontent
|
| 337 |
|
|
|a microform
|b h
|2 rdamedia
|
| 338 |
|
|
|a microfiche
|b he
|2 rdacarrier
|
| 490 |
1 |
|
|a Testimony ;
|v GAO/T-NSIAD-99-117
|
| 500 |
|
|
|a Shipping list number: 1999-0700-M.
|
| 500 |
|
|
|a "For release ... April 29, 1999."
|
| 500 |
|
|
|a "April 29, 1999."
|
| 504 |
|
|
|a Includes bibliographical references.
|
| 533 |
|
|
|a Microfiche.
|b [Washington, D.C.] :
|c Supt. of Docs., U.S. G.P.O.,
|d [1999]
|e 1 microfiche : negative.
|7 s1999 dcun b
|
| 530 |
|
|
|a Also available via Internet from the GPO Access web site. Address as of 02/05/02: http://frwebgate.access.gpo.gov/cgi-bin/getdoc.cgi?dbname=gao&docid=f:ns99117t.pdf; current access is available via PURL.
|
| 500 |
|
|
|a Microform.
|
| 610 |
2 |
0 |
|a International Space Station.
|
| 610 |
1 |
0 |
|a United States.
|b National Aeronautics and Space Administration
|x Planning.
|
| 650 |
|
0 |
|a Space stations
|x Cost control.
|
| 650 |
|
0 |
|a Public contracts
|x Costs.
|
| 776 |
1 |
|
|c Original
|w (OCoLC)41495275
|
| 710 |
1 |
|
|a United States.
|b General Accounting Office.
|
| 830 |
|
0 |
|a Testimony ;
|v GAO/T-NSIAD-99-117.
|
| 856 |
4 |
1 |
|u https://purl.fdlp.gov/GPO/LPS17229
|z Adobe Acrobat Reader required
|t 0
|
| 999 |
|
|
|a MARS
|
| 999 |
f |
f |
|i 731bc9a0-9633-30e9-a021-ef6fd94cff8c
|s d8e798d6-f186-32a7-b650-44d46027ab82
|t 0
|
| 952 |
f |
f |
|p normal
|a Texas A&M University
|b College Station
|c Sterling C. Evans Library
|d Evans: US Documents Microfiche (3rd floor)
|t 0
|e GA 1.5/2:T-NSIAD-99-117
|h Superintendent of Documents classification
|i microform -- microfiche
|m A14824501122
|
| 952 |
f |
f |
|a Texas A&M University
|b College Station
|c Electronic Resources
|d Available Online
|t 0
|e GA 1.5/2:T-NSIAD-99-117
|h Superintendent of Documents classification
|
| 998 |
f |
f |
|a GA 1.5/2:T-NSIAD-99-117
|t 0
|l Available Online
|
| 998 |
f |
f |
|a GA 1.5/2:T-NSIAD-99-117
|t 0
|l Evans: US Documents Microfiche (3rd floor)
|